00591nam a2200169Ia 4500008004100000100001700041245011700058245001700175260005900192260000900251300001000260650001800270650001500288856002600303999001900329952007300348170221s9999 xx 000 0 und d aPooja Sharma aAdvertising Effectiveness: “Understanding The Value Of Creativity In Advertising”, A Review Study In India  cPooja Sharma bOnline Journal of Communication and Media Technologies c2016 a5 : 4 xCommunication xMedia Arts uhttp://www.ojcmt.net/ c312997d312997 001040aCLbCLd2017-02-21l0r2017-02-21 00:00:00w2017-02-21yFOJ